| 000 | 00397nam a22001097a 4500 | ||
|---|---|---|---|
| 008 | 230606b xxu||||| |||| 00| 0 eng d | ||
| 082 |
_a336.243 _bGOK |
||
| 245 |
_a2010/2011 Annex of Estimates of Revenue and Expenditure of State Corporations _bof the Government of Kenya for the Year Ending 30the June, 2011 |
||
| 260 |
_aNairobi _bThe Government of Kenya _cJune 2010 |
||
| 300 | _a93 p | ||
| 942 |
_2ddc _cBK |
||
| 999 |
_c611 _d611 |
||